載入...

Understanding quantitative economics

書目詳細資料
主要作者: Sen, Rathindra P
格式: Printed Book
出版: Delhi Daya Publishing House 1991
主題:
LEADER 00447nam a2200157 4500
082 |a 330 SEN-U 
100 |a Sen, Rathindra P 
245 |a Understanding quantitative economics 
250
260 |a Delhi  |b Daya Publishing House  |c 1991 
300
490
650 |a Economics 
942 |c BK 
999 |c 231770  |d 231770 
952 |0 0  |1 0  |4 0  |6 330_000000000000000_SENU  |7 0  |9 245903  |a SDE  |b SDE  |d 2019-12-12  |l 0  |o 330 SEN-U  |p SDE11186  |r 2019-12-12  |w 2019-12-12  |y BK